| 000 | 00553nam a2200193 4500 | ||
|---|---|---|---|
| 003 | CO-ViMGA | ||
| 020 | _a9788498354270 | ||
| 040 |
_aCO-ViMGA _bspa _cCO-ViMGA |
||
| 082 | 0 | 4 |
_a616.89 _bB74c |
| 100 | 1 |
_aBrik Galicer, Eduardo _95817 |
|
| 245 | 1 | 0 |
_aConvivir con el alcoholismo. / _cBrik Galicer, Eduardo |
| 260 |
_aMadrid, España ; _bPanamericana, _c2011. |
||
| 300 |
_a198 p. ; _bil. , col. , 20 cm. |
||
| 500 | _aIncluye bibliografía. | ||
| 650 | 1 | 4 |
_aAlcoholismo _95818 |
| 700 | 1 |
_aBejega, Javier _95819 |
|
| 942 |
_2ddc _cBK |
||
| 945 | _d07/09/2016 | ||
| 999 |
_c36068 _d36068 |
||